[Event "Det åpne NM 2011 Gruppe A"]
[Site "Quality Hotel & Resort Fagerne"]
[Date "2011.04.17"]
[Round "2"]
[White "Thingstad, Anders"]
[Black "Gholami, Armin"]
[Result "1-0"]
[WhiteElo "2014"]
[BlackElo "1797"]
[PlyCount "120"]
[EventDate "2011.??.??"]

1. d4 e6 2. c4 d5 3. Nc3 Be7 4. Nf3 Nf6 5. Bg5 O-O 6. e3 Ne4 7. Bxe7 Qxe7 8.
cxd5 Nxc3 9. bxc3 exd5 10. Qb3 c6 11. c4 Be6 12. Rb1 Nd7 13. Bd3 Rfc8 14. Qc2
Nf6 15. Ng5 h6 16. Nxe6 fxe6 17. O-O b5 18. cxb5 cxb5 19. Qb3 a6 20. a4 bxa4
21. Qxa4 Rc3 22. Bg6 a5 23. Rb6 Ng4 24. Qb5 Rf8 25. Rb8 Rxb8 26. Qxb8+ Qf8 27.
Bh7+ Kf7 28. Qa7+ Qe7 29. Bg8+ Kf6 30. Qxa5 Rc8 31. h3 Rxg8 32. hxg4 Kg6 33.
Rc1 Rf8 34. Qc7 Qxc7 35. Rxc7 Kf6 36. f4 Rb8 37. Kf2 Rb6 38. Kf3 g5 39. g3 Ra6
40. Rb7 Rc6 41. Rb3 Ra6 42. Rb7 Rd6 43. Rc7 Kg6 44. e4 dxe4+ 45. Kxe4 Kf6 46.
f5 h5 47. Rh7 hxg4 48. Rh6+ Kf7 49. fxe6+ Rxe6+ 50. Rxe6 Kxe6 51. d5+ Kd6 52.
Kd4 Kd7 53. Ke5 Ke7 54. Kf5 Kd6 55. Kxg4 Kxd5 56. Kxg5 Ke6 57. Kg6 Ke7 58. g4
Kf8 59. g5 Kg8 60. Kh6 Kh8 1-0

[Event "Det åpne NM 2011 Gruppe A"]
[Site "Quality Hotel & Resort Fagerne"]
[Date "2011.04.17"]
[Round "2"]
[White "Bue, Gunnar"]
[Black "Ulvnes, Roar"]
[Result "0-1"]
[WhiteElo "1821"]
[BlackElo "2004"]
[PlyCount "70"]
[EventDate "2011.??.??"]

1. d4 Nf6 2. c4 c5 3. e3 g6 4. Nf3 Bg7 5. Nc3 O-O 6. Be2 cxd4 7. exd4 d5 8.
cxd5 Nxd5 9. O-O Nc6 10. Nxd5 Qxd5 11. Be3 Rd8 12. Qa4 Nxd4 13. Nxd4 Bxd4 14.
Rfd1 e5 15. Rd2 Bd7 16. Qd1 Bc6 17. Bf3 Qc5 18. Bxc6 bxc6 19. Rc1 Qb6 20. Bxd4
Rxd4 21. Rxd4 exd4 22. Qc2 Rc8 23. b3 c5 24. Kf1 Qd6 25. g3 Qd5 26. Kg1 Re8 27.
Qd3 Re5 28. Rd1 Qe6 29. Kf1 Qh3+ 30. Kg1 Rh5 31. Qe4 Qxh2+ 32. Kf1 Qh1+ 33.
Qxh1 Rxh1+ 34. Ke2 Rxd1 35. Kxd1 a5 0-1

[Event "Det åpne NM 2011 Gruppe A"]
[Site "Quality Hotel & Resort Fagerne"]
[Date "2011.04.17"]
[Round "3"]
[White "Tiviakov, Sergei"]
[Black "Kasparov, Sergey"]
[Result "1-0"]
[WhiteElo "2624"]
[BlackElo "2473"]
[PlyCount "81"]
[EventDate "2011.??.??"]

1. e4 c6 2. d4 d5 3. Nd2 dxe4 4. Nxe4 Bf5 5. Ng3 Bg6 6. Nh3 Nf6 7. Bc4 e6 8.
Nf4 Bd6 9. Bb3 Qc7 10. Qf3 Nbd7 11. O-O O-O 12. c3 a5 13. a3 Rfe8 14. Nxg6 hxg6
15. Bg5 Qb6 16. Ba2 a4 17. Rab1 Ra5 18. Be3 Qc7 19. Rbd1 Nh5 20. Rfe1 Ndf6 21.
Nf1 Rf5 22. Qe2 Nf4 23. Qc2 N4d5 24. Bxd5 Rxd5 25. Qxa4 g5 26. Qc2 g4 27. c4
Rh5 28. Ng3 Rh7 29. Bg5 Nh5 30. Qe2 Nxg3 31. hxg3 f5 32. d5 cxd5 33. Rxd5 g6
34. Red1 Bf8 35. Rd8 Qf7 36. Rxe8 Qxe8 37. Rd8 Qc6 38. Qd3 Rf7 39. Bh6 Qc5 40.
Qc3 Qe7 41. Qd4 1-0

[Event "Det åpne NM 2011 Gruppe A"]
[Site "Quality Hotel & Resort Fagerne"]
[Date "2011.04.17"]
[Round "3"]
[White "Hansen, Victor"]
[Black "Jones, Gawain C B"]
[Result "0-1"]
[WhiteElo "2125"]
[BlackElo "2578"]
[PlyCount "134"]
[EventDate "2011.??.??"]

1. Nf3 d6 2. c4 e5 3. d3 f5 4. Nc3 Nf6 5. e4 Be7 6. Bg5 O-O 7. Qd2 Na6 8. O-O-O
c6 9. h3 fxe4 10. dxe4 Nc5 11. Bxf6 Rxf6 12. Nxe5 Rf8 13. Nf3 a6 14. Kb1 b5 15.
Bd3 Nxd3 16. Qxd3 Be6 17. cxb5 axb5 18. Nd4 Qd7 19. Nxe6 Qxe6 20. Qc2 Ra6 21.
f3 Kh8 22. Qb3 Qg6 23. Rd2 d5 24. Qc2 b4 25. Na4 dxe4 26. fxe4 Qg5 27. b3 Qe5
28. Qc4 Bf6 29. Rhd1 Rfa8 30. Qxa6 Qa1+ 31. Kc2 Qxa2+ 32. Kc1 Qxd2+ 33. Kxd2
Rxa6 34. Kd3 Ra5 35. Kc4 Re5 36. Re1 Be7 37. Kd4 Rg5 38. Re2 Rg3 39. Kc4 Kg8
40. e5 Kf7 41. Rb2 g5 42. Kd4 g4 43. hxg4 Rxg4+ 44. Ke3 Ke6 45. Kf3 Rd4 46. Rc2
Kxe5 47. Rxc6 Rd3+ 48. Kg4 Bd6 49. Nb2 Rxb3 50. Nc4+ Kd5 51. Rxd6+ Kxc4 52. Rh6
Rb2 53. Kf3 b3 54. Rxh7 Rd2 55. g4 b2 56. Rc7+ Kd3 57. Rd7+ Kc2 58. Rc7+ Kd1
59. Rb7 Kc2 60. Rc7+ Kd1 61. Rb7 Kc1 62. g5 Rd4 63. Ke3 Rg4 64. Rc7+ Kd1 65.
Rd7+ Kc2 66. Rd2+ Kc1 67. Kf3 Rd4 0-1

[Event "Det åpne NM 2011 Gruppe A"]
[Site "Quality Hotel & Resort Fagerne"]
[Date "2011.04.17"]
[Round "3"]
[White "Stenersen, Gudmund"]
[Black "Solodovnichenko, Yuri"]
[Result "0-1"]
[WhiteElo "2228"]
[BlackElo "2577"]
[PlyCount "134"]
[EventDate "2011.??.??"]

1. e4 c5 2. Nf3 d6 3. d4 cxd4 4. Nxd4 Nf6 5. Nc3 a6 6. Bg5 e6 7. f4 Qb6 8. Qd2
Qxb2 9. Rb1 Qa3 10. f5 Nc6 11. fxe6 fxe6 12. Nxc6 bxc6 13. e5 dxe5 14. Bxf6
gxf6 15. Be2 h5 16. Ne4 Be7 17. O-O f5 18. Bf3 Ra7 19. Rb8 Rc7 20. Qd1 Kf8 21.
Bxh5 Qe3+ 22. Nf2 Qg5 23. Be2 Bc5 24. Bxa6 Qh4 25. h3 Ke7 26. Rxc8 Rhxc8 27.
Bxc8 Rxc8 28. Qe2 Qg3 29. Qf3 Qxf3 30. gxf3 Ra8 31. Re1 Rxa2 32. Re2 Bd4 33.
Kg2 c5 34. h4 Kf6 35. Nh3 c4 36. Ng5 Ra1 37. Nh7+ Ke7 38. Ng5 c3 39. Kh2 Rd1
40. Kg2 Rg1+ 41. Kh2 Ra1 42. Kg2 Rd1 43. Nh3 Kf6 44. Ng5 Rc1 45. Nh7+ Ke7 46.
Ng5 Ra1 47. Kh2 Ra7 48. Kh3 Kf6 49. Kg2 Bc5 50. Kh3 Rd7 51. Kg2 Ba3 52. Nh3 Bc1
53. Nf2 Bd2 54. Nd1 Rd4 55. Kh3 Rf4 56. Kg3 Ra4 57. Kh3 Ra1 58. Ne3 Rh1+ 59.
Kg2 Rxh4 60. Nf1 Rd4 61. Kf2 Bf4 62. Re1 Ra4 63. Ke2 e4 64. fxe4 Rxe4+ 65. Kf2
Rxe1 66. Kxe1 e5 67. Ke2 e4 0-1

[Event "Det åpne NM 2011 Gruppe A"]
[Site "Quality Hotel & Resort Fagerne"]
[Date "2011.04.17"]
[Round "3"]
[White "Webb, Matthew D"]
[Black "Mirzoev, Azer"]
[Result "0-1"]
[WhiteElo "2062"]
[BlackElo "2571"]
[PlyCount "37"]
[EventDate "2011.??.??"]

1. e4 Nf6 2. e5 Nd5 3. d4 d6 4. Nf3 dxe5 5. Nxe5 c6 6. c4 Nb4 7. Be3 Bf5 8. Nd3
e5 9. Nxb4 Bxb4+ 10. Nc3 Qa5 11. Qb3 Na6 12. Be2 exd4 13. Bxd4 O-O-O 14. Rd1
Bc5 15. Bxg7 Rhg8 16. Rxd8+ Qxd8 17. Be5 Qg5 18. Bg3 Qc1+ 19. Qd1 0-1

[Event "Det åpne NM 2011 Gruppe A"]
[Site "Quality Hotel & Resort Fagerne"]
[Date "2011.04.17"]
[Round "3"]
[White "Miezis, Normunds"]
[Black "Bosch, Jeroen"]
[Result "1-0"]
[WhiteElo "2555"]
[BlackElo "2424"]
[PlyCount "73"]
[EventDate "2011.??.??"]

1. c4 e6 2. e4 c5 3. Nc3 Nc6 4. d3 Nge7 5. Nf3 Nd4 6. Nxd4 cxd4 7. Ne2 e5 8.
Ng3 d6 9. h4 Nc6 10. Bg5 Be7 11. Bxe7 Nxe7 12. Be2 O-O 13. h5 Be6 14. Qd2 Qd7
15. O-O h6 16. f4 f6 17. Rac1 b6 18. Bf3 Rac8 19. b4 Kh8 20. Bd1 f5 21. fxe5
dxe5 22. exf5 Nxf5 23. Nxf5 Bxf5 24. Bf3 Qa4 25. Bb7 Rb8 26. Bd5 a5 27. Rf3 Bg4
28. Rxf8+ Rxf8 29. bxa5 bxa5 30. Re1 Bxh5 31. Rxe5 Bg6 32. Re6 Bf5 33. Rxh6+
Bh7 34. Rh4 Qe8 35. Be4 g6 36. Qh6 Qf7 37. Bxg6 1-0

[Event "Det åpne NM 2011 Gruppe A"]
[Site "Quality Hotel & Resort Fagerne"]
[Date "2011.04.17"]
[Round "3"]
[White "Getz, Nicolai"]
[Black "Johannessen, Leif E"]
[Result "1/2-1/2"]
[WhiteElo "2333"]
[BlackElo "2514"]
[PlyCount "65"]
[EventDate "2011.??.??"]

1. e4 e5 2. Nf3 Nc6 3. Bb5 a6 4. Ba4 Nf6 5. O-O Be7 6. Re1 b5 7. Bb3 d6 8. c3
O-O 9. h3 Nb8 10. a4 Bb7 11. d3 Nbd7 12. axb5 axb5 13. Rxa8 Qxa8 14. Na3 c6 15.
Nh4 g6 16. Bh6 Re8 17. d4 Bf8 18. Bxf8 Rxf8 19. Qd2 Qd8 20. Qg5 Nh5 21. Qxd8
Rxd8 22. Nf3 h6 23. Rd1 exd4 24. Rxd4 Nc5 25. Bc2 Kf8 26. e5 Ke7 27. exd6+ Rxd6
28. b4 Ne6 29. Rxd6 Kxd6 30. c4 Nhf4 31. cxb5 cxb5 32. Nxb5+ Ke7 33. Ne1
1/2-1/2

[Event "Det åpne NM 2011 Gruppe A"]
[Site "Quality Hotel & Resort Fagerne"]
[Date "2011.04.17"]
[Round "3"]
[White "Richter, Michael"]
[Black "Gullaksen, Eirik"]
[Result "1/2-1/2"]
[WhiteElo "2486"]
[BlackElo "2351"]
[PlyCount "82"]
[EventDate "2011.??.??"]

1. d4 Nf6 2. c4 g6 3. Nc3 Bg7 4. e4 O-O 5. Be3 d6 6. f3 a6 7. Nge2 Nc6 8. Qd2
Rb8 9. Rc1 Bd7 10. b3 Re8 11. d5 Na5 12. Nd4 c5 13. dxc6 bxc6 14. Be2 c5 15.
Nc2 Nc6 16. Nd5 a5 17. Nc3 Nb4 18. O-O Bc6 19. Na3 a4 20. bxa4 Nd7 21. Nab5 Ra8
22. a3 Na6 23. Rfd1 Nc7 24. Qc2 Ne6 25. f4 Nd4 26. Qd3 Nxe2+ 27. Qxe2 Qc8 28.
Nd5 Bxd5 29. exd5 Nb6 30. f5 Rxa4 31. fxg6 hxg6 32. Bf4 Qd7 33. Re1 Nxc4 34.
Rxc4 Qxb5 35. Rxa4 Qxa4 36. Bxd6 Qd4+ 37. Kh1 Qxd5 38. Qb5 Ra8 39. Bxe7 Rxa3
40. Qxc5 Qxc5 41. Bxc5 Ra1 1/2-1/2

[Event "Det åpne NM 2011 Gruppe A"]
[Site "Quality Hotel & Resort Fagerne"]
[Date "2011.04.17"]
[Round "3"]
[White "Hobber, Anders"]
[Black "Urkedal, Frode O"]
[Result "0-1"]
[WhiteElo "2152"]
[BlackElo "2447"]
[PlyCount "116"]
[EventDate "2011.??.??"]

1. d4 Nf6 2. Nf3 e6 3. c3 b6 4. Bg5 Bb7 5. e3 h6 6. Bh4 c5 7. Bd3 d6 8. O-O
Nbd7 9. Nbd2 cxd4 10. cxd4 g5 11. Bg3 Nh5 12. Ne4 Nxg3 13. Nxg3 h5 14. e4 h4
15. Ne2 g4 16. Nd2 Bh6 17. Nc4 Qe7 18. Nc3 a6 19. Qxg4 O-O-O 20. Qe2 Kb8 21.
Ne3 Ka7 22. Nc2 Rdg8 23. a4 Bf4 24. a5 b5 25. Kh1 Qg5 26. Ne1 f5 27. Bxb5 Nf6
28. b4 fxe4 29. Bxa6 Bxa6 30. b5 Qh5 31. bxa6 Qxe2 32. Nxe2 Bd2 33. Ra2 Bg5 34.
Nc2 Nd5 35. Na3 Kxa6 36. Nc4 Be7 37. Nb6 Nb4 38. Rb2 Nd3 39. Rc2 Rf8 40. Nc1
Bg5 41. Nxd3 exd3 42. Rc6 Kb7 43. Rxd6 d2 44. Rb1 Rxf2 45. Rxe6 Kc7 46. Nd5+
Kd7 47. Ra6 Rb8 48. Nb6+ Kd8 49. Kg1 Be3 50. Rd1 Rf6+ 51. Kh1 Rc6 52. Nd5 Rxa6
53. Nxe3 Re6 54. Kg1 Rxe3 55. Rxd2 Ra3 56. Kf2 Rb5 57. Rb2 Rxb2+ 58. Ke1 Ra1#
0-1

[Event "Det åpne NM 2011 Gruppe A"]
[Site "Quality Hotel & Resort Fagerne"]
[Date "2011.04.17"]
[Round "3"]
[White "Thingstad, Even"]
[Black "Rubio Mejia, Luis Ignacio"]
[Result "1-0"]
[WhiteElo "2155"]
[BlackElo "2409"]
[PlyCount "107"]
[EventDate "2011.??.??"]

1. d4 Nf6 2. c4 e6 3. Nc3 Bb4 4. Qc2 O-O 5. a3 Bxc3+ 6. Qxc3 d5 7. Bg5 c5 8.
dxc5 d4 9. Qg3 e5 10. Bh6 Ng4 11. Bxg7 Na6 12. Nf3 Kxg7 13. h3 e4 14. hxg4 exf3
15. Qf4 Rh8 16. Qh6+ Kg8 17. Rh5 f6 18. O-O-O Bxg4 19. Rh4 Bf5 20. Rdxd4 Qf8
21. Rhg4+ Bxg4 22. Rxg4+ Kf7 23. Qh5+ Ke7 24. Qd5 Qh6+ 25. e3 Rhd8 26. Qe4+ Kd7
27. Qxb7+ Nc7 28. Rd4+ Ke8 29. Re4+ Kf8 30. Qxc7 Kg8 31. Rg4+ Kh8 32. gxf3 Rg8
33. Bd3 Rac8 34. Qxa7 Rxg4 35. fxg4 Qh2 36. Qxh7+ Qxh7 37. Bxh7 Kxh7 38. b4 Kg6
39. a4 Kf7 40. a5 Ke6 41. Kc2 Kd7 42. Kd3 Rg8 43. f3 Kc6 44. Ke4 Re8+ 45. Kf4
Rb8 46. Kf5 Rxb4 47. Kxf6 Rb3 48. g5 Rxe3 49. f4 Kd7 50. c6+ Kxc6 51. g6 Kd7
52. f5 Ke8 53. g7 Rg3 54. a6 1-0

[Event "Det åpne NM 2011 Gruppe A"]
[Site "Quality Hotel & Resort Fagerne"]
[Date "2011.04.17"]
[Round "3"]
[White "Westerinen, Heikki M.J"]
[Black "Salomon, Johan"]
[Result "1-0"]
[WhiteElo "2358"]
[BlackElo "1889"]
[PlyCount "51"]
[EventDate "2011.??.??"]

1. e4 c5 2. Nf3 d6 3. c3 Nf6 4. h3 g6 5. Bd3 Bg7 6. Bc2 e5 7. d4 Qc7 8. dxe5
dxe5 9. Na3 O-O 10. Nc4 Nc6 11. Qd6 Qxd6 12. Nxd6 Rd8 13. Nxc8 Raxc8 14. O-O
Rd6 15. Be3 b6 16. Rfd1 Rcd8 17. Rxd6 Rxd6 18. Nd2 Kf8 19. a3 Rd8 20. b4 Nd7
21. Nc4 Ke7 22. b5 Ncb8 23. a4 a5 24. Rd1 Bf8 25. Nxb6 Ke8 26. Nc4 1-0

[Event "Det åpne NM 2011 Gruppe A"]
[Site "Quality Hotel & Resort Fagerne"]
[Date "2011.04.17"]
[Round "3"]
[White "Pham, Toan Thanh"]
[Black "Welling, Gerard"]
[Result "0-1"]
[WhiteElo "2086"]
[BlackElo "2321"]
[PlyCount "66"]
[EventDate "2011.??.??"]

1. d4 d6 2. Nf3 Nf6 3. c4 Nbd7 4. Nc3 e5 5. e4 Be7 6. Be2 O-O 7. O-O c6 8. b3
a6 9. Bb2 b5 10. cxb5 axb5 11. b4 Bb7 12. a3 Qb8 13. Qb3 Bd8 14. Rad1 Bb6 15.
Qc2 Re8 16. dxe5 dxe5 17. Bd3 Nf8 18. Ne2 Ng6 19. Qc1 Qc7 20. Ng3 Rad8 21. h3
Bc8 22. Bb1 Be6 23. Qc3 Bc4 24. Rfe1 Qa7 25. Nh1 Rxd1 26. Rxd1 Nf4 27. Qe1 Be2
28. Nxe5 Bxd1 29. Qxd1 Qc7 30. Ng4 Nxg4 31. Qxg4 Ng6 32. g3 Qd6 33. Kg2 Qd2 0-1

[Event "Det åpne NM 2011 Gruppe A"]
[Site "Quality Hotel & Resort Fagerne"]
[Date "2011.04.17"]
[Round "3"]
[White "Haarr, Jon Kristian"]
[Black "Eriksen, Magnus"]
[Result "0-1"]
[WhiteElo "2204"]
[BlackElo "2002"]
[PlyCount "123"]
[EventDate "2011.??.??"]

1. e4 c5 2. Nf3 d6 3. d4 cxd4 4. Nxd4 Nf6 5. Nc3 a6 6. Bg5 Nbd7 7. g3 e6 8. Bg2
Be7 9. O-O O-O 10. Qe2 Qc7 11. Rad1 Rb8 12. a4 Ne5 13. Kh1 Nc4 14. Bc1 Bd7 15.
b3 Na5 16. Bb2 Nc6 17. f4 Nxd4 18. Rxd4 Bc6 19. Rfd1 Rfd8 20. Rc4 b5 21. axb5
axb5 22. Rxc6 Qxc6 23. e5 d5 24. exf6 Bxf6 25. Rd3 Rdc8 26. h4 b4 27. Nd1 Bxb2
28. Nxb2 Qxc2 29. Qxc2 Rxc2 30. Na4 Kf8 31. f5 Ke7 32. Bh3 Kd6 33. fxe6 fxe6
34. Re3 e5 35. Rf3 Rb7 36. Rf8 e4 37. Re8 Rc1+ 38. Kh2 Rc2+ 39. Kg1 Re7 40.
Rd8+ Ke5 41. Nb6 Rc1+ 42. Kf2 Rd1 43. Nc4+ Kd4 44. Rxd5+ Kxd5 45. Ne3+ Kd4 46.
Nxd1 Rf7+ 47. Kg2 e3 48. Bg4 Kd3 49. Nb2+ Kc3 50. Nd1+ Kd2 51. Nb2 e2 52. Nc4+
Ke1 53. Bf3 Rc7 54. Ne5 Kd2 55. Bg4 Rc3 56. Bxe2 Kxe2 57. Nf7 Rxb3 58. Ng5 Ra3
59. Ne6 b3 60. Nd4+ Kd3 61. Nxb3 Rxb3 62. Kf3 0-1

[Event "Det åpne NM 2011 Gruppe A"]
[Site "Quality Hotel & Resort Fagerne"]
[Date "2011.04.17"]
[Round "3"]
[White "Ulvnes, Roar"]
[Black "Ofstad, Per"]
[Result "1/2-1/2"]
[WhiteElo "2004"]
[BlackElo "2194"]
[PlyCount "56"]
[EventDate "2011.??.??"]

1. d4 d5 2. Nf3 Nf6 3. e3 e6 4. Bd3 c5 5. b3 Nc6 6. O-O Bd7 7. Bb2 Rc8 8. Nbd2
Qb6 9. c4 cxd4 10. exd4 Be7 11. Ne5 O-O 12. Nxd7 Nxd7 13. c5 Qc7 14. Re1 Bf6
15. Nf3 Nxc5 16. dxc5 Bxb2 17. Bxh7+ Kxh7 18. Qc2+ g6 19. Qxb2 Qf4 20. Rad1 Rh8
21. Rd3 Kg8 22. h3 Qh6 23. Qf6 Qg7 24. Rxe6 fxe6 25. Qxe6+ Kh7 26. Ng5+ Kh6 27.
Nf7+ Kh7 28. Ng5+ Kh6 1/2-1/2

[Event "Det åpne NM 2011 Gruppe A"]
[Site "Quality Hotel & Resort Fagern"]
[Date "2011.04.17"]
[Round "3"]
[White "Bjerke, Richard"]
[Black "Wetle Hoem, Tor"]
[Result "0-1"]
[WhiteElo "2189"]
[BlackElo "1967"]
[PlyCount "82"]
[EventDate "2011.??.??"]

1. d4 Nf6 2. c4 e5 3. dxe5 Ng4 4. Nf3 Nc6 5. e3 Ngxe5 6. Be2 g6 7. Nc3 Bg7 8.
O-O d6 9. Nd4 O-O 10. Nd5 Be6 11. Nb5 Bxd5 12. cxd5 Nb4 13. e4 Re8 14. a3 Na6
15. Rb1 Nc5 16. f3 Ned7 17. Be3 a6 18. Nd4 Nb6 19. Bf2 Qe7 20. Re1 Rad8 21. b4
Ncd7 22. a4 Nf6 23. a5 Nbd7 24. b5 axb5 25. Rxb5 Nc5 26. Bf1 Ra8 27. Nb3 Nfd7
28. Qc2 Be5 29. g3 Nxb3 30. Qxb3 Nc5 31. Qb1 Bc3 32. Rc1 Bxa5 33. Rcxc5 dxc5
34. Bxc5 Bb6 35. Bxb6 cxb6 36. Rxb6 Qe5 37. Rxb7 Qd4+ 38. Kg2 Qd2+ 39. Kh3 Ra2
40. Qb5 Qxh2+ 41. Kg4 h5+ 0-1

[Event "Det åpne NM 2011 Gruppe A"]
[Site "Quality Hotel & Resort Fagerne"]
[Date "2011.04.17"]
[Round "3"]
[White "Mikalsen, Erlend"]
[Black "Gvein, Kenneth"]
[Result "0-1"]
[WhiteElo "1981"]
[BlackElo "2169"]
[PlyCount "110"]
[EventDate "2011.??.??"]

1. e4 c5 2. Nf3 Nc6 3. d4 cxd4 4. Nxd4 Nf6 5. Nc3 e5 6. Ndb5 d6 7. Bg5 a6 8.
Na3 b5 9. Nd5 Be7 10. Bxf6 Bxf6 11. c3 Bg5 12. Nc2 O-O 13. h4 Bh6 14. g4 Bf4
15. Qf3 Be6 16. Nxf4 Qf6 17. g5 Qxf4 18. Qxf4 exf4 19. Bh3 Ne5 20. Bxe6 fxe6
21. O-O-O Rad8 22. Rd2 Kf7 23. Nb4 a5 24. Nd3 Nc4 25. Rdd1 Ke7 26. b3 Nb6 27.
e5 d5 28. Kb2 Rf5 29. Rh3 f3 30. Re1 d4 31. cxd4 Rxd4 32. Re3 Nd5 33. Rexf3
Rxd3 34. Rxd3 Nf4 35. Kc3 Nxh3 36. Rxh3 Rxf2 37. a4 bxa4 38. bxa4 Ra2 39. Kc4
Rxa4+ 40. Kc5 Re4 41. Rb3 Rxe5+ 42. Kc6 Kf7 43. Rb7+ Kg6 44. Kd6 Re4 45. h5+
Kxg5 46. Rxg7+ Kxh5 47. Rxh7+ Kg4 48. Ra7 a4 49. Kc5 Kf3 50. Kd6 Ke2 51. Kc5
Kd2 52. Rh7 a3 53. Rh2+ Re2 54. Rh3 a2 55. Ra3 Kc1 0-1

[Event "Det åpne NM 2011 Gruppe A"]
[Site "Quality Hotel & Resort Fagerne"]
[Date "2011.04.17"]
[Round "3"]
[White "Vaarala, Eric"]
[Black "Bentsen, Håkon"]
[Result "1-0"]
[WhiteElo "2167"]
[BlackElo "2149"]
[PlyCount "37"]
[EventDate "2011.??.??"]

1. d4 d5 2. Bf4 Nf6 3. e3 e6 4. Nf3 c5 5. c3 Nc6 6. Nbd2 Be7 7. Bd3 O-O 8. Ne5
Nd7 9. Qh5 f5 10. h4 Ncxe5 11. Bxe5 Nxe5 12. dxe5 Bd7 13. Qe2 a6 14. g4 f4 15.
g5 fxe3 16. Bxh7+ Kxh7 17. Qh5+ Kg8 18. g6 exd2+ 19. Kd1 1-0

[Event "Det åpne NM 2011 Gruppe A"]
[Site "Quality Hotel & Resort Fagerne"]
[Date "2011.04.17"]
[Round "3"]
[White "Wibe, Per H"]
[Black "Myhrvold, Rune"]
[Result "0-1"]
[WhiteElo "1824"]
[BlackElo "2164"]
[PlyCount "102"]
[EventDate "2011.??.??"]

1. e4 c5 2. Nf3 Nc6 3. d4 cxd4 4. Nxd4 Nf6 5. Nc3 e5 6. Nb3 Bb4 7. Bd3 d5 8.
exd5 Qxd5 9. O-O Bxc3 10. bxc3 e4 11. c4 Qf5 12. Be2 O-O 13. f3 Qg6 14. fxe4
Bh3 15. Bf3 Rad8 16. Qe2 Rfe8 17. Bb2 Ne5 18. Bxe5 Rxe5 19. Rae1 Rde8 20. Nd2
Bd7 21. a3 Bc6 22. Qf2 b6 23. c3 Nd7 24. Re3 Qd6 25. Nb3 f5 26. Nd4 f4 27. Re2
Nc5 28. Rd1 Ba4 29. Rdd2 Qf6 30. Nb5 Qe7 31. Qd4 Nb3 32. Qd6 Nxd2 33. Rxd2 Bxb5
34. cxb5 Qh4 35. Rf2 Rxb5 36. Qd3 Rc5 37. Bd1 Qf6 38. Bb3+ Kh8 39. Qd7 Rd8 40.
Qxa7 Rxc3 41. Qa4 Rc1+ 42. Rf1 Qc3 43. Rxc1 Qxc1+ 44. Kf2 Rd2+ 45. Kf3 Qf1+ 46.
Kg4 Qxg2+ 47. Kxf4 Qxh2+ 48. Kf5 g6+ 49. Kf6 Qf4+ 50. Ke7 Qd6+ 51. Ke8 Qe5+ 0-1

[Event "Det åpne NM 2011 Gruppe A"]
[Site "Quality Hotel & Resort Fagerne"]
[Date "2011.04.17"]
[Round "3"]
[White "Flermoen, Peter"]
[Black "Rødvik, Trym Daniel"]
[Result "1-0"]
[WhiteElo "2155"]
[BlackElo "1782"]
[PlyCount "51"]
[EventDate "2011.??.??"]

1. e4 e5 2. Nf3 Nc6 3. Bc4 Bc5 4. O-O d6 5. h3 Nf6 6. c3 a6 7. d4 Ba7 8. Re1
O-O 9. Bg5 h6 10. Bh4 g5 11. dxe5 dxe5 12. Qxd8 Rxd8 13. Bg3 g4 14. Nxe5 Nxe5
15. Bxe5 Nxe4 16. Rxe4 Rd1+ 17. Kh2 gxh3 18. gxh3 b5 19. Be2 Rc1 20. Bf4 Rc2
21. Na3 Rxb2 22. Rg1+ Kh7 23. Be5 Bb7 24. Rg7+ Kh8 25. Rh4 Be3 26. Rgg4+ 1-0

[Event "Det åpne NM 2011 Gruppe A"]
[Site "Quality Hotel & Resort Fagerne"]
[Date "2011.04.17"]
[Round "3"]
[White "Kjøita, Torgeir"]
[Black "Kasparova, Tatiana"]
[Result "1/2-1/2"]
[WhiteElo "1796"]
[BlackElo "2152"]
[PlyCount "78"]
[EventDate "2011.??.??"]

1. e4 c6 2. d4 d5 3. Nc3 dxe4 4. Nxe4 Bf5 5. Ng3 Bg6 6. Nf3 Nd7 7. Bd3 Bxd3 8.
Qxd3 e6 9. O-O Ngf6 10. c4 Qc7 11. a3 Be7 12. b4 O-O 13. Bb2 a5 14. Bc3 axb4
15. axb4 b5 16. c5 Nd5 17. Bd2 Rfd8 18. Ne4 Nf8 19. Qb3 Ng6 20. Nc3 Nxc3 21.
Qxc3 Bf6 22. Be3 h6 23. Rxa8 Rxa8 24. Ra1 Rd8 25. h3 Ne7 26. Ra6 Qd7 27. Qa3
Qd5 28. Ra8 Rxa8 29. Qxa8+ Kh7 30. Qe8 Kg6 31. h4 Qf5 32. Bd2 Qg4 33. Qd7 Qh5
34. Be3 Qd5 35. Qe8 Qh5 36. Qd7 Kh7 37. Qe8 Qg6 38. Bd2 Qh5 39. Be3 Qg6 1/2-1/2

[Event "Det åpne NM 2011 Gruppe A"]
[Site "Quality Hotel & Resort Fagerne"]
[Date "2011.04.17"]
[Round "3"]
[White "Kyrkjebø, Erlend"]
[Black "Andersen, Per O"]
[Result "1-0"]
[WhiteElo "1963"]
[BlackElo "2122"]
[PlyCount "49"]
[EventDate "2011.??.??"]

1. e4 c5 2. Nf3 e6 3. b3 a6 4. Bb2 d6 5. Nc3 Nf6 6. Qe2 Be7 7. d4 cxd4 8. Nxd4
Nc6 9. O-O-O Qc7 10. g4 Nxd4 11. Rxd4 e5 12. Rc4 Qd8 13. g5 Nd7 14. Nd5 Bxg5+
15. f4 exf4 16. Kb1 O-O 17. h4 Bf6 18. Nxf6+ Nxf6 19. Rg1 Kh8 20. Rxg7 d5 21.
exd5 Re8 22. Qxe8+ Qxe8 23. Bxf6 h5 24. Rg5+ Kh7 25. Bd3+ 1-0

[Event "Det åpne NM 2011 Gruppe A"]
[Site "Quality Hotel & Resort Fagerne"]
[Date "2011.04.17"]
[Round "3"]
[White "Mihajlov, Sebastian"]
[Black "Svensen, Tarjei Joten"]
[Result "1/2-1/2"]
[WhiteElo "1871"]
[BlackElo "2108"]
[PlyCount "39"]
[EventDate "2011.??.??"]

1. d4 e6 2. c4 Nf6 3. Nc3 Bb4 4. e3 b6 5. Nge2 Ba6 6. a3 Bxc3+ 7. Nxc3 d5 8. b3
O-O 9. Bd3 c5 10. cxd5 exd5 11. O-O Bb7 12. Na4 Qe7 13. Bb2 Nbd7 14. Qf3 Ne4
15. Bxe4 dxe4 16. Qg3 cxd4 17. Bxd4 f6 18. Rfc1 Bd5 19. b4 Bb3 20. Nc3 1/2-1/2

[Event "Det åpne NM 2011 Gruppe A"]
[Site "Quality Hotel & Resort Fagerne"]
[Date "2011.04.17"]
[Round "3"]
[White "Bjornes, Leif"]
[Black "Taksrud, Vidar"]
[Result "1-0"]
[WhiteElo "1994"]
[BlackElo "2088"]
[PlyCount "83"]
[EventDate "2011.??.??"]

1. d4 Nf6 2. c4 e6 3. Nc3 Bb4 4. a3 Bxc3+ 5. bxc3 c5 6. f3 d5 7. cxd5 exd5 8.
e3 O-O 9. Bd3 Nc6 10. Ne2 c4 11. Bc2 Re8 12. Ng3 b5 13. O-O a5 14. e4 b4 15.
axb4 dxe4 16. Nxe4 Nd5 17. Bd2 f5 18. Ng3 Rf8 19. Re1 Bd7 20. Qe2 Rc8 21. bxa5
Re8 22. Qxc4 Ncb4 23. Qb3 Nxc2 24. Qxc2 Rxe1+ 25. Bxe1 f4 26. Ne4 Bb5 27. Bf2
Ne3 28. Qb3+ Bc4 29. Qb6 Qf8 30. a6 Nc2 31. Rb1 Bd5 32. a7 Na3 33. Rb4 Nc2 34.
Rb2 Na3 35. Qb8 Nc4 36. Qxc8 Nxb2 37. Qxf8+ Kxf8 38. Nd6 Na4 39. c4 Ba8 40. Nb5
Ke7 41. Nc7 Nb6 42. d5 1-0

[Event "Det åpne NM 2011 Gruppe A"]
[Site "Quality Hotel & Resort Fagerne"]
[Date "2011.04.17"]
[Round "3"]
[White "Gyldenås, Ole Jørn"]
[Black "Lindblom, Roar"]
[Result "1/2-1/2"]
[WhiteElo "2053"]
[BlackElo "1974"]
[PlyCount "60"]
[EventDate "2011.??.??"]

1. d4 f5 2. c4 Nf6 3. Nc3 e6 4. Nf3 Bb4 5. Bg5 Bxc3+ 6. bxc3 d6 7. e3 O-O 8.
Bd3 h6 9. Bxf6 Qxf6 10. e4 Nc6 11. exf5 exf5 12. O-O Kh8 13. Re1 Bd7 14. Rb1 b6
15. Bc2 Ne7 16. Qd3 Ng6 17. g3 Rae8 18. h4 Bc6 19. d5 Bd7 20. Qd4 Ne5 21. Kg2
Nxf3 22. Kxf3 Re5 23. Kg2 Rfe8 24. Qd2 Rxe1 25. Rxe1 Rxe1 26. Qxe1 Qe5 27. Qd2
Kg8 28. f4 Qf6 29. Qe3 Kf7 30. Kf2 g6 1/2-1/2

[Event "Det åpne NM 2011 Gruppe A"]
[Site "Quality Hotel & Resort Fagerne"]
[Date "2011.04.17"]
[Round "3"]
[White "Torgersen, Terje"]
[Black "Sjøl, Henrik"]
[Result "1/2-1/2"]
[WhiteElo "2041"]
[BlackElo "1848"]
[PlyCount "34"]
[EventDate "2011.??.??"]

1. Nf3 Nf6 2. c4 e6 3. g3 b6 4. Bg2 Bb7 5. O-O Be7 6. d4 O-O 7. Nc3 d5 8. b3 c5
9. cxd5 Nxd5 10. Nxd5 Bxd5 11. Ba3 cxd4 12. Bxe7 Qxe7 13. Qxd4 Nd7 14. e4 Bb7
15. Rfd1 Rfd8 16. Ne5 Nxe5 17. Qxe5 Rac8 1/2-1/2

[Event "Det åpne NM 2011 Gruppe A"]
[Site "Quality Hotel & Resort Fagerne"]
[Date "2011.04.17"]
[Round "3"]
[White "Kjøita, Henning"]
[Black "Henrichsen, Erland"]
[Result "1-0"]
[WhiteElo "1843"]
[BlackElo "2038"]
[PlyCount "47"]
[EventDate "2011.??.??"]

1. e4 e6 2. d4 d5 3. Nc3 dxe4 4. Nxe4 Nd7 5. Nf3 Ngf6 6. Bd3 c5 7. Nxf6+ Nxf6
8. dxc5 Qa5+ 9. c3 Qxc5 10. O-O Bd7 11. Be3 Qc7 12. Bd4 Bd6 13. Re1 Bc6 14. Ne5
Bxe5 15. Bxe5 Qb6 16. Qc2 h5 17. Bg6 Rh6 18. Bxf6 Rxg6 19. Rxe6+ Kd7 20. Re7+
Kd6 21. Rd1+ Bd5 22. Rxd5+ Kxd5 23. Qf5+ Kc6 24. Qd7+ 1-0